Влияние влажности на параметры механоэлектрических преобразований в композиционных строительных материалах; Современные техника и технологии; Т. 2

Podrobná bibliografie
Parent link:Современные техника и технологии: 14 Международная научно-практическая конференция студентов, аспирантов и молодых ученых, г. Томск, 24-28 марта 2008 г./ Томский политехнический университет (ТПУ).— , 2008
Т. 2.— 2008.— С. 14-15
Hlavní autor: Осипов К. Ю.
Další autoři: Андреев И. Г. (научный руководитель), Фурса Т. В.
Jazyk:ruština
Vydáno: 2008
Témata:
Médium: MixedMaterials Kapitola
KOHA link:https://koha.lib.tpu.ru/cgi-bin/koha/opac-detail.pl?biblionumber=150356

MARC

LEADER 00000naa2a2200000 4500
001 150356
005 20231031150148.0
035 |a (RuTPU)RU\TPU\book\162994 
090 |a 150356 
100 |a 20090110d2008 k y0rusy50 ca 
101 0 |a rus 
102 |a RU 
200 1 |a Влияние влажности на параметры механоэлектрических преобразований в композиционных строительных материалах  |f К. Ю. Осипов, И. Г. Андреев  |g науч. рук. Т. В. Фурса 
320 |a Библиогр.: 2 назв. 
461 1 |0 (RuTPU)RU\TPU\book\156858  |t Современные техника и технологии  |o 14 Международная научно-практическая конференция студентов, аспирантов и молодых ученых, г. Томск, 24-28 марта 2008 г.  |o труды  |o в 3 т.  |f Томский политехнический университет (ТПУ)  |d 2008 
463 1 |0 (RuTPU)RU\TPU\book\158716  |t Т. 2  |v С. 14-15  |d 2008  |p 434 с. 
610 1 |a влажность 
610 1 |a строительные материалы 
610 1 |a композиционные материалы 
610 1 |a механоэлектрические преобразования 
610 1 |a надёжность 
610 1 |a труды учёных ТПУ 
700 1 |a Осипов  |b К. Ю. 
701 1 |a Андреев  |b И. Г. 
702 1 |a Фурса  |b Т. В.  |4 727 
801 1 |a RU  |b 63413507  |c 20090110  |g PSBO 
801 2 |a RU  |b 63413507  |c 20131001  |g RCR 
942 |c BK